Issues in the adoption of microelectronics

Сохранить в:
Библиографические подробности
Главный автор: Bessant, John
Формат:
Язык:Undetermined
Опубликовано: London Frances Pinter 1982
Предметы:
Метки: Добавить метку
Нет меток, Требуется 1-ая метка записи!
Thư viện lưu trữ: Trung tâm Học liệu Trường Đại học Cần Thơ
LEADER 00470nam a2200169Ia 4500
001 CTU_95459
008 210402s9999 xx 000 0 und d
082 |a 621.387 
082 |b B557 
100 |a Bessant, John 
245 0 |a Issues in the adoption of microelectronics 
245 0 |c John Bessant, Keith Dickson 
260 |a London 
260 |b Frances Pinter 
260 |c 1982 
650 |a Microelectronics 
980 |a Trung tâm Học liệu Trường Đại học Cần Thơ